MARC

LEADER 00000nam0a2200000 4500
001 109020
005 20231101214834.0
010 |a 9667616452 
035 |a (RuTPU)RU\TPU\book\117680 
090 |a 109020 
100 |a 20070130d2002 k y0rusy50 ca 
101 0 |a rus 
102 |a UA 
105 |a a z 001zy 
200 1 |a Научные основы эффективных технологий производства тонкостенной длинномерной металлопродукции  |f Я. Д. Василев [и др.] 
210 |a Днiпропетровськ  |c Днiпро-ВАЛ  |d 2002 
215 |a 353 с.  |c ил. 
320 |a Библиогр.: с. 339-353. 
606 1 |a Листопрокатное производство  |x Прокатка холодная  |2 stltpush  |3 (RuTPU)RU\TPU\subj\40244  |9 60103 
610 1 |a металлопродукция 
610 1 |a тонкие полосы 
610 1 |a тонкостенные трубы 
610 1 |a производство 
610 1 |a горячая прокатка 
610 1 |a холодная деформация 
610 1 |a эффективные технологии 
610 1 |a разработка 
610 1 |a внедрение 
675 |a 621.771.23.016  |v 3 
701 1 |a Василев  |b Я. Д.  |g Янаки Димитров 
701 1 |a Григоренко  |b В. У.  |g Володимир Устинович 
701 1 |a Данченко  |b В. М.  |g Валентин Миколайович 
701 1 |a Дементиенко  |b О. В.  |g Олександр Викторович 
701 1 |a Жадкевич  |b М. Л.  |g Михайло Львович 
701 1 |a Зеленський  |b В. Е.  |g Виктор Евгенович 
701 1 |a Кравченко  |b В. И.  |g Володимир Иванович 
701 1 |a Письменний  |b О. С.  |g Олександр Семенович 
701 1 |a Правдин  |b Ю. М.  |g Юрий Михайлович 
701 1 |a Путноки  |b О. Ю.  |g Олександр Юлусович 
801 1 |a RU  |b 63413507  |c 20070130  |g PSBO 
801 2 |a RU  |b 63413507  |c 20131101  |g PSBO 
942 |c BK 
959 |a 11/20070130  |d 1  |e 2200,00  |f НФ:1